000 01110nas a2200313 4500
001 BR8501112
003 BR-BrBNA
005 20231205090129.0
007 ta
008 230509b bl.|||p| |||| 00| 00por d
040 _aBR-BrBNA
_bpor
_cBiblioteca Nacional de Agricultura
041 _a(Pt)
072 _aS10; Q10
100 1 _aSouza, S.J.F. de
100 1 _aPinheiro, A.J.R.
100 1 _aPinheiro, R.V.R.
100 1 _aGomes, J.C.
100 1 _aSouza, A.C.G. de
100 1 _aChaves, J.B.P.
245 1 _aComparacao de onze variedades de manga produzidas em Visconde do Rio Branco, Minas Gerais, visando ao consumo ao natural e a elaboracao de geleias [Brasil]
246 1 _aComparison of eleven mango (Mangifera indica L.)varieties with a view to in natura consumption and marmalade production [Brazil]
650 _aMANGA
650 _aGELEIA
650 _aINDUSTRIA ALIMENTICIA
650 _aANALISE QUIMICA
773 0 _tRevista Ceres (Brazil)
_xISSN 0034-737X
_g(Nov-Dec 1984), v. 31(178) p. 464-478
_wBR8501112
909 _a202311
_bLúcia
_c55
_dLúcia Elande
942 _2AGRIS
_n0
_cANA
999 _c116315
_d116315